01383nam a2200241Ia 4500001001100000003001000011008004100021040002500062041001300087100002800100245005000128250001100178260006600189300002700255500025700282501011400539520025700653650001300910942000700923957000600930999004300936952016200979L330-23878IT-CnALBA170116s9999||||xx |||||||||||||| ||und|| aIT-CnALBAcIT-CnALBA aITALIANO aTONIOLO GIUSEPPE, PROF. 0aTRATTATO DI ECONOMIA SOCIALE. LA PRODUZIONE.  a2a ed. a FIRENZEbFIORENTINA LIBRERIA EDITRICE c1921 [1° Ed.: n.d.] a322 p. (prefazione: 8) aPRODUZIONE DELLA RICCHEZZA. LAVORO NATURA CAPITALE. COSTITUZIONE DELLA PRODUZIONE. PROGRESSO PRODUTTIVO. LEGGI DEL PROGRESSO. ORDINAMENTO TECNICO. PROFESSIONALE GIURIDICO. PROGRESSO PRODUTTIVO DELL'INDUSTRIA MANIFATTURIERA. ORDINE ECONOMICO OPERATIVO.  aSocietà San Paolo EM - Piazza San Paolo, 14 - 12051 ALBA (CN) (non commercial uses only) ® Copyright 2017 aPRODUZIONE DELLA RICCHEZZA. LAVORO NATURA CAPITALE. COSTITUZIONE DELLA PRODUZIONE. PROGRESSO PRODUTTIVO. LEGGI DEL PROGRESSO. ORDINAMENTO TECNICO. PROFESSIONALE GIURIDICO. PROGRESSO PRODUTTIVO DELL'INDUSTRIA MANIFATTURIERA. ORDINE ECONOMICO OPERATIVO.  aECONOMIA cBK 71 a28621bSI g Copie: 1 c282977d282977 0010406L_3302387871aALBAbALBAd2017-01-16l0oL330-23878r2017-01-16 00:00:00w2017-01-16yBKz(data import: 16 gennaio 2017) - By Epidotti, Vaglietti.